000 00889nac a22002657a 4500
001 BR6600358
003 BR-BrBNA
005 20240105113312.0
008 230509b bl.|||m| |||| 00| 0 por d
040 _aBR-BrBNA
_bpor
_cBiblioteca Nacional de Agricultura
072 _aE30
090 _aE30 BR6600358
100 1 _aChonchol, J.
110 1 _aSuperintendencia do Desenvolvimento do Nordeste, Recife, PE (Brasil). Depto. de Recursos Humanos
_910159
245 1 _aMetodologia para formular um programa de desarrollo agricola
250 1 _a2. ed.
260 3 _aRecife, PE (Brasil):
_c1966.
300 _a127 p.
490 _aBrasil. SUDENE. Cursos. Economia Agricola (Brazil)
_vno. 1
_x
650 _aPOLITICA AGRICOLA
650 _aPROJETO DE DESENVOLVIMENTO
650 _aDESENVOLVIMENTO AGRICOLA
909 _a202312
_bLúcia Elande
_c55
_dLúcia Elande
942 _2AGRIS
_n0
_cMS
999 _c262980
_d262980